Dopad štvrtej priemyselnej revolúcie na ľudský kapitál a budúcnosť pracovných miest

Problematika štvrtej priemyselnej revolúcie a jej dopad na pracovný kapitál a budúcnosť pracovných miest. Príklady pracovných pozícií, ktoré časom zaniknú a príležitosti, ktoré prináša novodobá éra v podobe nových pracovných miest. Kompetencie pracovníka spĺňajúce požiadavky štvrtej priemyselnej rev...

Celý popis

Uložené v:
Podrobná bibliografia
Hlavný autor: Jankelová, Nadežda, 1966-
Ďalší autori: Puhovichová, Diana, 1994-
Médium: Kapitola
Jazyk:Slovak
Predmet:
Tagy: Pridať tag
Žiadne tagy, Buďte prvý, kto otaguje tento záznam!

MARC

LEADER 00000naa$a2200000$$$4500
001 0282315
005 20240502083908.0
041 0 |a slo 
044 |a CZ 
245 1 0 |a Dopad štvrtej priemyselnej revolúcie na ľudský kapitál a budúcnosť pracovných miest 
520 |a Problematika štvrtej priemyselnej revolúcie a jej dopad na pracovný kapitál a budúcnosť pracovných miest. Príklady pracovných pozícií, ktoré časom zaniknú a príležitosti, ktoré prináša novodobá éra v podobe nových pracovných miest. Kompetencie pracovníka spĺňajúce požiadavky štvrtej priemyselnej revolúcie a komplex kľúčových riešení pre podniky v oblasti riadenia ľudských zdrojov. 
610 2 0 |a digitalizácia 
610 2 0 |a priemysel 4.0 
610 2 0 |a kapitál ľudský 
610 2 0 |a miesta pracovné 
610 2 0 |a sily pracovné 
610 2 0 |a zdroje ľudské 
100 1 |a Jankelová, Nadežda, 1966- 
700 1 |a Puhovichová, Diana, 1994-